000 01039nam a2200289 i 4500
001 bg
003 BPK
005 20220627114809.0
008 010113s1976 pl a f m |000 0 pol
015 _aPB 1977/14
040 _aWA N
_cBPK
041 0 _apol
_beng
_brus
080 _a338.26
080 _a330.101.541
100 1 _aBocian, Andrzej Franciszek
_d(1939- )
_eAutor
245 1 0 _aRachunek makroekonomiczny przy zastosowaniu wielookresowego modelu optymalizacyjnego /
_cAndrzej Bocian.
260 _aWarszawa :
_bPańst. Wydaw. Ekonomiczne,
_c1976.
300 _a178, [2] s., [1] k. tabl. :
_bil. ;
_c21 cm.
502 _aRozprawa doktorska. Instytut Planowania, Warszawa.
504 _aBibliogr.
546 _aSpis treści ang. i ros.
650 4 _aPlanowanie gospodarcze
650 4 _aRachunek ekonomiczny
710 2 _aPaństwowe Wydawnictwo Ekonomiczne
_4pbl.
856 _uhttp://koha.tu.koszalin.pl/cgi-bin/koha/opac-detail.pl?biblionumber=17136
_yKatalog online BPK
942 _2UKD
_cKS
999 _c17136
_d17136